MARC details
| 000 -LEADER |
| fixed length control field |
02433nam a2200349 a 4500 |
| 001 - CONTROL NUMBER |
| EWU control number |
9386 |
| 003 - CONTROL NUMBER IDENTIFIER |
| control field |
BD-DhEWU |
| 005 - DATE AND TIME OF LATEST TRANSACTION |
| control field |
20240630120246.0 |
| 008 - FIXED-LENGTH DATA ELEMENTS--GENERAL INFORMATION |
| fixed length control field |
240630s2007 njua g b 001 0 eng d |
| 010 ## - LIBRARY OF CONGRESS CONTROL NUMBER |
| LC control number |
2006052999 |
| 020 ## - INTERNATIONAL STANDARD BOOK NUMBER |
| International Standard Book Number |
9780471387343 |
|
| International Standard Book Number |
0471387347 |
| 035 ## - SYSTEM CONTROL NUMBER |
| OCLC control number |
(OCLC)76871597 |
| 040 ## - CATALOGING SOURCE |
| Original cataloging agency |
DLC |
| Transcribing agency |
DLC |
| Modifying agency |
BAKER |
| -- |
DLC |
| -- |
BD-DhEWU |
| Language of cataloging |
eng |
| 041 ## - LANGUAGE CODE |
| Language code of text/sound track or separate title |
eng |
| 082 00 - DEWEY DECIMAL CLASSIFICATION NUMBER |
| Classification number |
620.00285 |
| Author mark and Year |
BIE 2007 |
| 100 1# - MAIN ENTRY--PERSONAL NAME |
| Personal name |
Billo, E. Joseph. |
| 9 (RLIN) |
25750 |
| 245 10 - TITLE STATEMENT |
| Title |
Excel for scientists and engineers : |
| Remainder of title |
numerical methods / |
| Statement of responsibility, etc |
E. Joseph Billo. |
| 260 ## - PUBLICATION, DISTRIBUTION, ETC. (IMPRINT) |
| Place of publication, distribution, etc |
Hoboken, N.J. : |
| Name of publisher, distributor, etc |
Wiley-Interscience, |
| Date of publication, distribution, etc |
c2007. |
| 300 ## - PHYSICAL DESCRIPTION |
| Extent |
xix, 454 p. : |
| Other physical details |
ill. ; |
| Dimensions |
26 cm. |
| 504 ## - BIBLIOGRAPHY, ETC. NOTE |
| Bibliography, etc |
Includes bibliographical references (p. 429) and index. |
| 505 0# - FORMATTED CONTENTS NOTE |
| Title |
Table of contents |
| Contents note |
Introducing visual basic for applications -- Fundamentals of programming with VBA -- Worksheet functions for working with matrices -- Number series -- Interpolation -- Differentiation -- Integration -- Roots of equations -- Systems of simultaneous equations -- Numerical integration of ordinary differential equations part I : initial conditions -- Numerical integration of ordinary differential equations part II : boundary conditions -- Partial differential equations -- Linear regression and curve fitting -- Nonlinear regression using the solver -- Random numbers and the Monte Carlo method. |
| 520 ## - SUMMARY, ETC. |
| Summary, etc |
With this text as your guide, you can significantly enhance Microsoft Excels capabilities to execute the calculations needed to solve a variety of chemical, biochemical, physical, engineering, biological, and medicinal problems. The text begins with two chapters that introduce you to Excel's Visual Basic for Applications (VBA) programming language, which allows you to expand Excel's capabilities, although you can still use the text without learning VBA." "This text does not require any background in programming, so it is suitable for both undergraduate and graduate courses. Moreover, practitioners in science and engineering will find that this guide saves hours of time by enabling them to perform most of their calculations with one familiar spreadsheet package."--Jacket |
| 526 ## - STUDY PROGRAM INFORMATION NOTE |
| Program name |
Civil Engineering |
| Requested Dept. (EWU) |
Civil Engineering |
| 650 #0 - SUBJECT ADDED ENTRY--TOPICAL TERM |
| Topical term or geographic name |
Engineering |
| General subdivision |
Data processing. |
|
| Topical term or geographic name |
Science |
| General subdivision |
Data processing. |
|
| Topical term or geographic name |
Electronic spreadsheets. |
| 856 42 - ELECTRONIC LOCATION AND ACCESS |
| Materials Specified |
WorldCat Details |
| Uniform Resource Identifier |
https://search.worldcat.org/title/76871597 |
| 942 ## - ADDED ENTRY ELEMENTS (KOHA) |
| Source of classification or shelving scheme |
Dewey Decimal Classification |
| Koha item type |
Text |